00500nam a2200181 a 4500001001300000003000900013005001700022008004100039020001000080082001400090245003400104260004400138300000800182500003500190505003300225650003000258710003000288nice12345678IN_TiNIC20260116011251.0050524s1957 newa grp 000 0 eng  ac10000a206bWCC5 aCommission on Faith and Order aNew HavenbYale University Press c1957 a47p aincludes index and biblioraphy2 aMethodist church west africa aWorld Council of Churches2 aWorld Council of Churches